000 00537nam a2200229Ia 4500
003 OSt
005 20240503065134.0
008 210329s9999||||xx |||||||||||||| ||und||
020 _a9780099513858
040 _cSTCPL
041 _aENG
082 _a823
_bWOD-F
100 _aWodehouse, P. G.
245 0 _aFull moon /
_cby P. G. Wodehouse
260 _aLondon :
_bArrow Books ,
_c1947 .
300 _a261 p.
_bPB
650 _aEnglish literature
650 _aEnglish Fiction
942 _cBK
942 _2ddc
942 _2ddc
999 _c64945
_d64945